Petrology: igneous, sedimentary, and metamorphic
Guardat en:
| Autors principals: | , |
|---|---|
| Format: | Llibre |
| Idioma: | anglès |
| Publicat: |
Nueva York
W. H. Freeman
1996
|
| Edició: | 2a. ed |
| Matèries: | |
| Etiquetes: |
Afegir etiqueta
Sense etiquetes, Sigues el primer a etiquetar aquest registre!
|
MARC
| LEADER | 00000nam a2200000 a 4500 | ||
|---|---|---|---|
| 001 | UCO8912 | ||
| 003 | CL-VaPUC | ||
| 008 | 010112e19960000US |||||||||||||||||eng|d | ||
| 082 | 0 | 4 | |a 552 |b BLA |2 21 |
| 100 | 0 | |a Blatt, Harvey |e author |9 453831 | |
| 700 | 0 | |a Tracy, Robert J |e author |9 453832 | |
| 245 | 1 | 0 | |a Petrology: igneous, sedimentary, and metamorphic |
| 250 | |a 2a. ed | ||
| 300 | |a 529 p | ||
| 942 | |c BK | ||
| 945 | |d 20010112 00:00:00 |a cmena | ||
| 260 | |a Nueva York |b W. H. Freeman |c 1996 | ||
| 650 | 7 | |a PETROLOGIA |2 CL-VaPUC |9 262839 | |
| 650 | 7 | |a ROCAS IGNEAS |2 CL-VaPUC |9 357477 | |
| 650 | 7 | |a ROCAS SEDIMENTARIAS |2 CL-VaPUC |9 261673 | |
| 650 | 7 | |a ROCAS METAMORFICAS |2 CL-VaPUC |9 262681 | |
| 583 | |a last modification |c 20010112 00:00:00 |k Rodrigo Vera | ||
| 999 | |c 293331 |d 293329 | ||
| 952 | |0 0 |1 0 |4 0 |6 552_000000000000000_BLA_1996 |7 0 |8 CCM |9 344797 |a BIBCUR |b BIBCUR |d 2019-11-20 |i 3683575 |o 552 BLA 1996 |p 3683575 |r 2025-04-22 |w 2019-11-20 |y BK |k RNT | ||